2026 UEFA Champions League Teams - Statistics

General Stats
  • This quiz has been taken 109 times
  • The average score is 27 of 36
Answer Stats
League Answer % Correct
ENG Arsenal
97%
SPA Barcelona
97%
SPA Atletico Madrid
96%
SPA Real Madrid
96%
NED Ajax
94%
ITA Inter Milan
94%
ENG Liverpool
94%
ENG Manchester City
94%
ENG Chelsea
93%
POR Benfica
92%
GER Bayern Munich
91%
ITA Juventus
89%
FRA Paris-Saint-Germain
89%
GER Borussia Dortmund
87%
TUR Galatasaray
81%
NED PSV Eindhoven
81%
ENG Tottenham Hotspur
81%
ITA Atalanta
80%
ENG Newcastle
78%
GRE Olympiacos
78%
ITA Napoli
76%
NOR Bodo/Glimt
75%
DEN Copenhagen
75%
FRA Marseille
75%
FRA Monaco
72%
BEL Club Brugge
71%
GER Eintracht Frankfurt
65%
SPA Villarreal
63%
GER Bayer Leverkusen
61%
AZE Qarabag
57%
POR Sporting Lisbon
56%
KAZ Kairat Almaty
54%
CYP Pafos
54%
CZE Slavia Prague
52%
SPA Athletic Club
51%
BEL Union St.Gilloise
9%
No matching quizzes found
Score Distribution
Percent of People with Each Score
Percentile by Number Answered
Your Score History
You have not taken this quiz